000 00166nam a22000857a 4500
999 _c66409
_d66406
100 _aHunge Franis
245 _aEnggerning thermodynimics
300 _a187p
942 _cBK